| 000 | 00330nam a2200133Ia 4500 | ||
|---|---|---|---|
| 999 |
_c9813 _d9813 |
||
| 003 | OSt | ||
| 005 | 20220303183718.0 | ||
| 008 | 220112s9999||||xx |||||||||||||| ||und|| | ||
| 082 |
_a620.1 _bKOL |
||
| 100 | _aKolhapure, B.K. | ||
| 245 | 0 | _aElements of civil engineering and engineering mechanics | |
| 260 |
_bEBPB _c2014 |
||
| 942 | _2ddc | ||